Faça atividades matemática: a conquista, 4°ano (Record no. 123830)

MARC details
000 -LÍDER
campo de controle de tamanho fixo 00741 a2200193 4500
001 - NÚMERO DE CONTROLE
campo de controle 123830
020 ## - ISBN - INTERNATIONAL STANDARD BOOK NUMBER
ISBN - International Standard Book Number 9788596005647
040 ## - FONTE DA CATALOGAÇÃO
Instituição que transcreveu o registro Escola Canadense de Niteroi
090 ## - NÚMERO DE CHAMADA LOCAL
Número de chamada (OCLC) (R); Número de chamada, CALL (RLIN) (NR) GIO
100 ## - ENTRADA PRINCIPAL--NOME PESSOAL
Nome pessoal Giovanni, José Ruy
245 10 - TÍTULO
Título Faça atividades matemática: a conquista, 4°ano
250 ## - EDIÇÃO
Edição 1. ed.
260 ## - PUBLICAÇÃO, DISTRIBUIÇÃO, ETC.
Local de publicação, distribuição, etc. São Paulo
300 ## - DESCRIÇÃO FÍSICA
Extensão 96 p.
Outros detalhes físicos il.
362 0# - DATAS DE PUBLICAÇÃO E/OU DESIGNAÇÃO SEQUENCIAL
Datas de publicação e/ou designação sequencial 2016
520 ## - NOTA DE RESUMO, ETC
Resumo, etc. Aprender matemática fica ainda mais fácil e divertido quando exercitamos nossos conhecimentos. Os cadernos de atividade da coleção Faça Matemática foram elaborados para reforçar o aprendizado, facilitar a compreensão dos conteúdos estudados e mostrar como a matemática está presente no dia a dia.
650 #4 - ASSUNTO--TERMO TÓPICO
Cabeçalho tópico ou nome geográfico Matemática
942 ## - ELEMENTOS DE ENTRADA ADICIONADOS (KOHA)
Tipo de material Koha Livros
Holdings
Situação do descarte Situação das perdas Situação física Não pode ser emprestado Biblioteca de origem Biblioteca atual Data de aquisição Total de empréstimos Número de chamada completo Código de barras Data de último acesso Data do preço efetivo Tipo de material Koha
        Canadian School of Niterói - Piratininga Canadian School of Niterói - Piratininga 09/02/2024   GIO A29049 09/02/2024 09/02/2024 Livros